Italian Basic Verbs Test - Statistics

Statistiche generali
  • Questo quiz è stato fatto 239 volte
  • Il punteggio medio è 19 su 20
Statistiche sulle risposte
Hint Risposta % Corretto
I say dico
99%
I have ho
99%
you (s) say dici
98%
he/she/it has ha
98%
I am sono
98%
they are sono
98%
he/she/it says dice
97%
we say diciamo
97%
they say dicono
97%
he/she/ it is e
97%
you (s) have hai
97%
you (s) are sei
97%
we are siamo
97%
we have abbiamo
96%
they have hanno
96%
he/she/ it stays sta
96%
they stay stanno
96%
I stay sto
96%
you (s) stay stai
95%
we stay stiamo
95%
Nessun quiz corrispondente trovato
Distribuzione punteggi
Percentuale di utenti per punteggio
Percentile per numero di risposta
I tuoi punteggi nel tempo
Non hai fatto questo quiz